華人教會與普世宣教 : 獻予麥振榮牧師論文集 = Hua ren jiao hui yu pu shi xuan jiao : (Record no. 53190)
[ view plain ]
| 000 -LEADER | |
|---|---|
| fixed length control field | 00756nam a22001817a 4500 |
| 005 - DATE AND TIME OF LATEST TRANSACTION | |
| control field | 20240912144807.0 |
| 008 - FIXED-LENGTH DATA ELEMENTS--GENERAL INFORMATION | |
| fixed length control field | 240912b |||||||| |||| 00| 0 eng d |
| 020 ## - INTERNATIONAL STANDARD BOOK NUMBER | |
| International Standard Book Number | 9781926785523 |
| 040 ## - CATALOGING SOURCE | |
| Original cataloging agency | BSOP |
| 050 ## - LIBRARY OF CONGRESS CALL NUMBER | |
| Classification number | BV3790.C4 |
| Item number | C53 |
| 245 ## - TITLE STATEMENT | |
| Title | 華人教會與普世宣教 : 獻予麥振榮牧師論文集 = Hua ren jiao hui yu pu shi xuan jiao : |
| Remainder of title | xian yu Mai Zhenrong mu shi lun wen ji = Chinese church & global mission : a festschrift dedicated to Rev. Chadwin Mak {ch} / |
| Statement of responsibility, etc | edited by Peter Au. |
| 250 ## - EDITION STATEMENT | |
| Edition statement | 1st ed. |
| 260 ## - PUBLICATION, DISTRIBUTION, ETC. (IMPRINT) | |
| Place of publication, distribution, etc | Ontario, Canada : |
| Name of publisher, distributor, etc | Association of Canadian Chinese Theological Education, |
| Date of publication, distribution, etc | 2019. |
| 300 ## - PHYSICAL DESCRIPTION | |
| Extent | 294p. : |
| Other physical details | ill. ; |
| Dimensions | 23cm. |
| 650 ## - SUBJECT ADDED ENTRY--TOPICAL TERM | |
| Topical term or geographic name as entry element | Evangelistic work {ch}. |
| 9 (RLIN) | 121 |
| 700 ## - ADDED ENTRY--PERSONAL NAME | |
| Personal name | Au, Peter |
| Relator term | Chief editor. |
| 942 ## - ADDED ENTRY ELEMENTS (KOHA) | |
| Source of classification or shelving scheme | Library of Congress Classification |
| Item type | Books |
| Withdrawn status | Lost status | Source of classification or shelving scheme | Damaged status | Not for loan | Home library | Current library | Shelving location | Date acquired | Source of acquisition | Inventory number | Total Checkouts | Full call number | Barcode | Date last seen | Price effective from | Koha item type |
|---|---|---|---|---|---|---|---|---|---|---|---|---|---|---|---|---|
| Library of Congress Classification | BSOP Library | BSOP Library | Chinese Books (General Circulation) | 09/12/2024 | Donation | C-16975 | BV3790.C4 C44 2019 | 00061050 | 09/12/2024 | 09/12/2024 | Books |
